Normal view
MARC view
- عبيد،ماجدة بهاء الدين السيد
Entry Personal Name
001 - CONTROL NUMBER
- control field: 30960
003 - CONTROL NUMBER IDENTIFIER
- control field: JO-AjAnu
005 - DATE AND TIME OF LATEST TRANSACTION
- control field: 20230606075222.0
008 - FIXED-LENGTH DATA ELEMENTS
- fixed length control field: 230606|| aca||aabn | a|a d
040 ## - CATALOGING SOURCE
- Original cataloging agency: JO-AjAnu
- Transcribing agency: JO-AjAnu
100 ## - HEADING--PERSONAL NAME
- Personal name: عبيد،ماجدة بهاء الدين السيد
670 ## - SOURCE DATA FOUND
- Source citation: Work cat.: (JO-AjAnu)15899: عبيد،ماجدة بهاء الدين السيد, author, الضغط النفسي ومشكلاته وأثره على الصحة النفسية